000 00341nam a2200145 i 4500
001 bg
245 0 _aBildwörterbuch Deutsch und Französisch.
250 _a4 neubearb. und erw. Aufl.
260 _aLeipzig,
_c1967.
040 _cBPK
041 _apol
080 _a803.0:804.0
942 _cKS
008 s pl f |000 0 pol
999 _c9030
_d9030
856 _uhttp://koha.tu.koszalin.pl/cgi-bin/koha/opac-detail.pl?biblionumber=9030
_yKatalog online BPK